| 000 | 00489nam a2200181Ia 4500 | ||
|---|---|---|---|
| 001 | 21137 | ||
| 005 | 20260306172857.0 | ||
| 008 | 260306t2024||||xx |||||||||||||| ||spa|| | ||
| 041 | _aESP | ||
| 082 |
_a344 _bY13E |
||
| 100 |
_aYacobucci, Guillermo, _eAUT |
||
| 245 | 0 |
_a(In)exigibilidad y pena : _bel problema de la sanción penal en situaciones dilemáticas |
|
| 260 | _c2024 | ||
| 300 |
_axx, 332 páginas : _c23 cm. |
||
| 650 | _aGEN | ||
| 654 | _aCDE | ||
| 942 |
_cLIB _dJUS _fJUS _2ddc _n |
||
| 999 |
_c21137 _d21137 |
||